Представление документа в формате RUSMARC

ПолеНазваниеЗначение
  Тип записи a
  Библиографический уровень m
001 Контрольный номер 10ce2dae0f0f4608afb499004c95de8a
005 Дата корректировки 20140707110517.9
010 Индекс ISBN __
a ISBN 978-5-16-006554-0
101 Язык документа 0_
a Язык текста rus
102 Страна публикации __
a Страна публикации RU
200 Заглавие и сведения об ответственности 1_
a Заглавие Деловые коммуникации
210 Выходные данные 1_
a Место издания М
c Издательство ИНФРА-М
d Дата издания 2014
215 Физическое описание __
a Объем 160с
610 Ключевые слова 0_
a Ключевые слова Деловые коммуникации
686 Индексы других классификаций __
a Классификационный индекс 88
700 Автор _1
a Фамилия Попкова
b Имя О.В.
801 Источник записи _0
a Страна RU
b Организация РУК
g Правила каталогизации PSBO
801 Источник записи _1
a Страна RU
b Организация РУК
g Правила каталогизации PSBO
852 Данные о местонахождении __
i Авторский знак П 17
j Шифр хранения ББК 88
901 Тип документа __
t Тип документа m
937 Технологическая информация __
a Создатель записи (имя) Васильев
938 Служебная информация __
a Название организации Казанский филиал
952 Тип литературы __
c Вид литературы учебник